[Event "49th Bosna it"]
[Site "Sarajevo BIH"]
[Date "2019.04.27"]
[Round "1.1"]
[White "Predojevic, Borki"]
[Black "Rozic, Slaven"]
[Result "1-0"]
[WhiteElo "2621"]
[BlackElo "2088"]
[EventDate "2019.04.27"]
[PlyCount "45"]

1.e4 e6 2.d4 d5 3.Nd2 Be7 4.e5 c5 5.c3 Nc6 6.Bd3 Bd7 7.Ne2 Qb6 8.Nf3 f6 9.
O-O Nh6 10.exf6 Bxf6 11.Re1 O-O 12.dxc5 Qxc5 13.Be3 Qd6 14.Qc2 e5 15.Rad1 
Ng4 16.Bxh7+ Kh8 17.Ng3 Nxe3 18.Rxe3 Rac8 19.Qg6 d4 20.Qh5 Bg4 21.Qxg4 
Kxh7 22.Ne4 Qd8 23.Nfg5+ 1-0

[Event "49th Bosna it"]
[Site "Sarajevo BIH"]
[Date "2019.04.27"]
[Round "1.2"]
[White "Kanyamarala, Tarun"]
[Black "Kozul, Zdenko"]
[Result "0-1"]
[WhiteElo "2070"]
[BlackElo "2589"]
[EventDate "2019.04.27"]
[PlyCount "82"]

1.Nf3 Nf6 2.c4 g6 3.b3 Bg7 4.Bb2 O-O 5.g3 d6 6.d4 e5 7.dxe5 Nfd7 8.Nc3 
dxe5 9.Qc2 Nc6 10.O-O-O a5 11.a3 Nd4 12.Nxd4 exd4 13.Nb5 c6 14.Nxd4 Qb6 
15.e3 Nc5 16.Kb1 Rd8 17.Ka2 Na6 18.c5 Nb4+ 19.axb4 axb4+ 20.Kb1 Qa5 21.Bg2
Bf5 22.e4 Rd5 23.exf5 Rxc5 24.Qxc5 Qxc5 25.fxg6 hxg6 26.Rhe1 Qa5 27.Kc2 
Qb6 28.Kb1 c5 29.Nc2 Bxb2 30.Kxb2 c4 31.Bd5 c3+ 32.Kb1 Qa5 33.Rd4 Qa2+ 34.
Kc1 Qb2+ 35.Kd1 Qb1+ 36.Ke2 Qxc2+ 37.Kf3 Qf5+ 38.Kg2 Ra2 39.Bf3 Qc5 40.
Ree4 c2 41.Rc4 c1=Q 0-1

[Event "49th Bosna it"]
[Site "Sarajevo BIH"]
[Date "2019.04.27"]
[Round "1.3"]
[White "Djukic, Nikola"]
[Black "Petrovic, Marija"]
[Result "1-0"]
[WhiteElo "2566"]
[BlackElo "2068"]
[EventDate "2019.04.27"]
[PlyCount "39"]

1.e4 e5 2.Nf3 Nc6 3.Bb5 Nge7 4.O-O g6 5.c3 a6 6.Ba4 Bg7 7.d4 b5 8.Bb3 d6 
9.Ng5 O-O 10.f4 exd4 11.f5 Bxf5 12.exf5 Nxf5 13.Rxf5 gxf5 14.Qh5 h6 15.
Nxf7 Rxf7 16.Bxf7+ Kf8 17.Bd5 Qd7 18.Bxh6 Re8 19.Qg6 Ne5 20.Qf6+ 1-0

[Event "49th Bosna it"]
[Site "Sarajevo BIH"]
[Date "2019.04.27"]
[Round "1.4"]
[White "Jovovic, Milan"]
[Black "Brkic, Ante"]
[Result "0-1"]
[WhiteElo "2065"]
[BlackElo "2560"]
[EventDate "2019.04.27"]
[PlyCount "74"]

1.d4 d5 2.Bf4 c5 3.e3 Nc6 4.c3 Nf6 5.Nd2 e6 6.Ngf3 cxd4 7.exd4 Nh5 8.Be3 
Bd6 9.Ne5 g6 10.Bb5 Qc7 11.g4 Ng7 12.f4 f6 13.Nd3 h5 14.Rg1 hxg4 15.Qxg4 
Rh6 16.Ne5 Nf5 17.Qe2 Nxe3 18.Qxe3 fxe5 19.fxe5 Bf8 20.O-O-O Qh7 21.Rdf1 
Rh3 22.Qe2 Rxh2 23.Rxf8+ Kxf8 24.Rf1+ Kg8 25.Qf3 Bd7 26.Bd3 Ne7 27.Qf6 Rh1
28.Rxh1 Qxh1+ 29.Kc2 Qh7 30.c4 Rf8 31.Qg5 dxc4 32.Nxc4 Bb5 33.Nd6 Rf2+ 34.
Kb3 Bxd3 35.Qg3 Qh2 36.Qxd3 Rxb2+ 37.Kc4 Qc2+ 0-1

[Event "49th Bosna it"]
[Site "Sarajevo BIH"]
[Date "2019.04.27"]
[Round "1.5"]
[White "Kadric, Denis"]
[Black "Kanyamarala, Trisha"]
[Result "1-0"]
[WhiteElo "2542"]
[BlackElo "2028"]
[EventDate "2019.04.27"]
[PlyCount "95"]

1.e4 c5 2.Nc3 Nc6 3.Bb5 Nd4 4.Nf3 Nxb5 5.Nxb5 d6 6.d4 cxd4 7.Qxd4 a6 8.Nc3
e5 9.Qb4 h6 10.Be3 Nf6 11.O-O-O Qe7 12.Bb6 Be6 13.Qa4+ Bd7 14.Qa5 Qe6 15.
Rhe1 Be7 16.Nh4 Qg4 17.g3 O-O 18.Bc7 Ne8 19.Nd5 Bg5+ 20.Kb1 Rc8 21.Bb6 
Bxh4 22.gxh4 Qxh4 23.f4 Bc6 24.fxe5 Bxd5 25.exd5 Qxh2 26.c3 Qh3 27.Qb4 Qd7
28.a4 Kh8 29.Bd4 Kg8 30.Bb6 Kh8 31.Rd2 Rg8 32.e6 fxe6 33.Rxe6 Rf8 34.Qh4 
Rf1+ 35.Ka2 Rf6 36.Re1 Qf7 37.b3 Rf4 38.Qe7 Qf5 39.Qxb7 Nf6 40.Bd4 Rg8 41.
Qxa6 Ne4 42.Rh2 Kh7 43.Qb7 Nf2 44.Ka3 Nd3 45.Reh1 Kg6 46.Rg2+ Rg4 47.Rxg4+
Qxg4 48.Rg1 1-0

[Event "49th Bosna it"]
[Site "Sarajevo BIH"]
[Date "2019.04.27"]
[Round "1.6"]
[White "Karaoglan, Kivanc"]
[Black "Sadikhov, Ulvi"]
[Result "0-1"]
[WhiteElo "2001"]
[BlackElo "2479"]
[EventDate "2019.04.27"]
[PlyCount "68"]

1.e4 c5 2.Nf3 Nc6 3.Bb5 d6 4.O-O Bd7 5.c4 g6 6.Nc3 Bg7 7.Bxc6 bxc6 8.h3 
Qc7 9.d3 Rb8 10.e5 dxe5 11.Qe2 f6 12.Be3 Nh6 13.Bxc5 Nf5 14.d4 exd4 15.
Nxd4 Kf7 16.Rfe1 e5 17.Nxf5 Bxf5 18.g4 Be6 19.f4 h5 20.fxe5 hxg4 21.Bd6 
Qb6+ 22.c5 Qb4 23.Bxb8 f5 24.Bd6 Rxh3 25.Rad1 Rg3+ 26.Kh2 Qf4 27.Rf1 Rh3+ 
28.Kg1 Qg3+ 29.Qg2 Qe3+ 30.Qf2 Rg3+ 31.Kh1 Qh6+ 32.Qh2 Rh3 33.Qxh3 Qxh3+ 
34.Kg1 Bh6 0-1

[Event "49th Bosna it"]
[Site "Sarajevo BIH"]
[Date "2019.04.27"]
[Round "1.7"]
[White "Nestorovic, Nikola"]
[Black "Pestek, Elvis"]
[Result "1/2-1/2"]
[WhiteElo "2473"]
[BlackElo "1995"]
[EventDate "2019.04.27"]
[PlyCount "87"]

1.e4 e6 2.d4 d5 3.exd5 exd5 4.Nf3 Bd6 5.Bd3 Nf6 6.O-O O-O 7.h3 Re8 8.Nc3 
c6 9.Bg5 Nbd7 10.Nh4 Qc7 11.Qf3 h6 12.Bd2 Qd8 13.Nf5 Nf8 14.Nxd6 Qxd6 15.
Bf4 Qd8 16.Ne2 Ng6 17.Rfe1 Nxf4 18.Qxf4 Be6 19.Ng3 Qb8 20.Re5 Nd7 21.Nh5 
Nxe5 22.dxe5 Qd8 23.h4 Kf8 24.Nf6 Qc7 25.Nxe8 Rxe8 26.Re1 Qa5 27.c3 c5 28.
Qe3 d4 29.cxd4 cxd4 30.Qe2 Rc8 31.f4 g6 32.h5 Bg4 33.Qf2 Bxh5 34.f5 gxf5 
35.Bxf5 Rc5 36.g4 Bxg4 37.b4 Qxb4 38.Bxg4 d3 39.Bh5 Rc7 40.Rf1 Qc4 41.Qxa7
Qh4 42.Qb8+ Kg7 43.Qxc7 Qg3+ 44.Kh1 1/2-1/2

[Event "49th Bosna it"]
[Site "Sarajevo BIH"]
[Date "2019.04.27"]
[Round "1.8"]
[White "Kozarcanin, Sead"]
[Black "Kjartansson, Gudmundur"]
[Result "0-1"]
[WhiteElo "1976"]
[BlackElo "2444"]
[EventDate "2019.04.27"]
[PlyCount "90"]

1.b3 d5 2.Bb2 Bf5 3.e3 e6 4.Nf3 Nd7 5.Be2 h6 6.O-O Ngf6 7.Ne5 Nxe5 8.Bxe5 
Bd6 9.Bxd6 Qxd6 10.d4 O-O 11.Nd2 c5 12.Nf3 Rac8 13.c4 dxc4 14.Bxc4 a6 15.
dxc5 Qxc5 16.Qd4 b5 17.Qxc5 Rxc5 18.Be2 Nd5 19.Nd4 Nc3 20.Rfe1 Nxe2+ 21.
Rxe2 Bg6 22.h3 e5 23.Nf3 f6 24.Rd2 Rfc8 25.Kf1 Rc1+ 26.Rd1 Bd3+ 27.Ke1 
Rxa1 28.Rxa1 Rc2 29.Nd2 a5 30.f3 Kf7 31.a4 b4 32.Kd1 Rc3 33.Ra2 g5 34.e4 
Ke6 35.Rb2 Kd6 36.Nb1 Bxb1 37.Rxb1 Kc5 38.Rb2 Kd4 39.Rd2+ Ke3 40.Re2+ Kf4 
41.Rb2 Kg3 42.Ke1 h5 43.Rd2 Rxb3 44.Rd5 Kxg2 45.Rxa5 Kxf3 0-1

[Event "49th Bosna it"]
[Site "Sarajevo BIH"]
[Date "2019.04.27"]
[Round "1.9"]
[White "Soysal, Serkan"]
[Black "Bunjo, Adnan"]
[Result "1-0"]
[WhiteElo "2424"]
[BlackElo "1974"]
[EventDate "2019.04.27"]
[PlyCount "67"]

1.Nf3 d5 2.c4 c6 3.e3 Nf6 4.Nc3 e6 5.d4 Bd6 6.Bd3 h6 7.O-O O-O 8.e4 dxe4 
9.Nxe4 Nxe4 10.Bxe4 Nd7 11.b3 f5 12.Bc2 Nf6 13.Qe2 Bd7 14.Bb2 Qe8 15.Ne5 
Bxe5 16.dxe5 Nh7 17.Ba3 Rf7 18.Rad1 b6 19.c5 g5 20.Rd6 b5 21.Qh5 Kg7 22.g4
fxg4 23.Qg6+ Kh8 24.Rfd1 Nf8 25.Qxh6+ Kg8 26.Bc1 Nh7 27.Bg6 Rd8 28.Qxh7+ 
Rxh7 29.Bxe8 Rxe8 30.Rxd7 Ree7 31.Rxe7 Rxe7 32.Bxg5 Rc7 33.Bf6 Kf7 34.Rd4 
1-0

[Event "49th Bosna it"]
[Site "Sarajevo BIH"]
[Date "2019.04.27"]
[Round "1.10"]
[White "Selimovic, Amir"]
[Black "Dizdarevic, Emir"]
[Result "0-1"]
[WhiteElo "1972"]
[BlackElo "2423"]
[EventDate "2019.04.27"]
[PlyCount "46"]

1.e4 e6 2.d4 d5 3.Nc3 Bb4 4.exd5 exd5 5.Bd3 Ne7 6.Qf3 c5 7.dxc5 Nbc6 8.a3 
Bxc5 9.Qg3 O-O 10.Bg5 f6 11.Bh6 Ng6 12.Bxg6 hxg6 13.O-O-O g5 14.Rxd5 Qe7 
15.Bxg7 Kxg7 16.Nf3 Be6 17.Re1 Kf7 18.Ne4 Bxd5 19.Nexg5+ fxg5 20.Nxg5+ Ke8
21.Rxe7+ Bxe7 22.Nh7 Rg8 23.Qc7 Rg7 0-1

[Event "49th Bosna it"]
[Site "Sarajevo BIH"]
[Date "2019.04.27"]
[Round "1.11"]
[White "Savanovic, Aleksandar"]
[Black "Sabic, Muris"]
[Result "1-0"]
[WhiteElo "2423"]
[BlackElo "1963"]
[EventDate "2019.04.27"]
[PlyCount "57"]

1.e4 c5 2.Nf3 d6 3.d4 cxd4 4.Nxd4 Nf6 5.Nc3 a6 6.Bg5 e6 7.f4 h6 8.Bh4 Qb6 
9.Qd3 Nc6 10.Bf2 Qc7 11.O-O-O Bd7 12.Kb1 b5 13.Nf3 Rc8 14.Bh4 Be7 15.e5 
dxe5 16.fxe5 Nb4 17.Qd2 Nfd5 18.Bxe7 Kxe7 19.Nxd5+ Nxd5 20.Bd3 Rhd8 21.Qe1
Kf8 22.Qe4 g6 23.Rhf1 Kg7 24.h4 Qc5 25.Ng5 Be8 26.Nxf7 Bxf7 27.Rxf7+ Kxf7 
28.Qxg6+ Ke7 29.Qg7+ 1-0

[Event "49th Bosna it"]
[Site "Sarajevo BIH"]
[Date "2019.04.27"]
[Round "1.12"]
[White "Zenelaj, Fisnik"]
[Black "Subelj, Jan"]
[Result "0-1"]
[WhiteElo "1933"]
[BlackElo "2407"]
[EventDate "2019.04.27"]
[PlyCount "46"]

1.e4 e5 2.Nf3 Nc6 3.d4 exd4 4.Bc4 Nf6 5.e5 d5 6.Bb5 Nd7 7.O-O Be7 8.e6 
fxe6 9.Bxc6 bxc6 10.Nxd4 Nb8 11.Re1 O-O 12.Nxe6 Bxe6 13.Rxe6 Bc5 14.Re2 
Qf6 15.Qf1 Nd7 16.c3 Rae8 17.Rxe8 Bxf2+ 18.Kh1 Rxe8 19.Bd2 Nc5 20.Na3 Ne4 
21.Qd3 Qg6 22.Qf3 Rf8 23.Bf4 Qe6 0-1

[Event "49th Bosna it"]
[Site "Sarajevo BIH"]
[Date "2019.04.27"]
[Round "1.13"]
[White "Ozen, Deniz"]
[Black "Dedic, Nedzad"]
[Result "1-0"]
[WhiteElo "2403"]
[BlackElo "1932"]
[EventDate "2019.04.27"]
[PlyCount "94"]

1.e4 e6 2.d4 d5 3.Nc3 Nf6 4.Bg5 Bb4 5.Ne2 h6 6.Bxf6 Qxf6 7.a3 Bxc3+ 8.Nxc3
c6 9.e5 Qe7 10.Bd3 Bd7 11.Ne2 c5 12.c3 a6 13.O-O Nc6 14.f4 g6 15.Kh1 h5 
16.dxc5 Qxc5 17.b4 Qb6 18.c4 dxc4 19.Bxc4 Ne7 20.Qd4 Qc7 21.Rac1 Bc6 22.
Qf2 h4 23.h3 b5 24.Bd3 Qb7 25.Nd4 Bd5 26.Kh2 Rd8 27.Rfd1 Kf8 28.Bf1 Kg7 
29.Rc5 Be4 30.Rdc1 Rd7 31.Nb3 Nf5 32.R5c3 Qb8 33.Nc5 Rd4 34.Nxe4 Rxe4 35.
Bd3 Re3 36.Bxf5 Rxc3 37.Rxc3 gxf5 38.g3 Rh6 39.gxh4 Qd8 40.Rc6 a5 41.bxa5 
Qxa5 42.h5 Qd8 43.Rd6 Qc7 44.Qg2+ Kh7 45.Qd2 Kg7 46.Rd8 Qe7 47.Qg2+ Rg6 
1-0

[Event "49th Bosna it"]
[Site "Sarajevo BIH"]
[Date "2019.04.27"]
[Round "1.14"]
[White "Korjenic, Esef"]
[Black "Muratovic, Efim"]
[Result "1/2-1/2"]
[WhiteElo "1922"]
[BlackElo "2400"]
[EventDate "2019.04.27"]
[PlyCount "141"]

1.e4 c5 2.Nf3 Nc6 3.Bb5 g6 4.O-O Bg7 5.Re1 e5 6.a4 Nge7 7.c3 O-O 8.d3 d6 
9.Bc4 Kh8 10.Ng5 Qe8 11.b4 cxb4 12.cxb4 h6 13.Nf3 Nxb4 14.Ba3 Nec6 15.a5 
Qd7 16.Nbd2 Rd8 17.Bxb4 Nxb4 18.Qb3 Na6 19.Bxa6 bxa6 20.Rab1 Qe7 21.Rec1 
Be6 22.Qb7 Qxb7 23.Rxb7 d5 24.Rcc7 dxe4 25.dxe4 Bf8 26.h3 Bd6 27.Rc6 Rac8 
28.Rxc8 Rxc8 29.Kh2 Rc5 30.Rxa7 Rxa5 31.Ra8+ Kg7 32.Nf1 Ra2 33.Kg3 Kf6 34.
Ne3 h5 35.h4 Ra3 36.Ng5 Bc5 37.Nf3 Bd4 38.Nc2 Ra4 39.Ncxd4 exd4 40.Kf4 Ke7
41.Ne5 Kd6 42.Ra7 Ra2 43.Nd3 Bc4 44.e5+ Ke6 45.Nc5+ Kd5 46.Ne4 Kc6 47.g3 
Bd5 48.f3 Bc4 49.Nd6 Bd5 50.Ne4 Ra3 51.Ra8 a5 52.Rd8 Bxe4 53.Kxe4 Re3+ 54.
Kf4 Kc5 55.Rd7 Re2 56.Rc7+ Kb4 57.Rb7+ Kc3 58.Rc7+ Kd2 59.Rxf7 d3 60.Ra7 
Ke1 61.Rxa5 d2 62.Rd5 d1=Q 63.Rxd1+ Kxd1 64.Kg5 Rxe5+ 65.Kxg6 Ke2 66.g4 
Kxf3 67.gxh5 Kg4 68.h6 Re6+ 69.Kg7 Kh5 70.h7 Re7+ 71.Kg8 1/2-1/2

[Event "49th Bosna it"]
[Site "Sarajevo BIH"]
[Date "2019.04.27"]
[Round "1.15"]
[White "Burovic, Rijad"]
[Black "Vujicic, Dragisa"]
[Result "1-0"]
[WhiteElo "2393"]
[BlackElo "1922"]
[EventDate "2019.04.27"]
[PlyCount "32"]

1.e4 e5 2.f4 exf4 3.Bc4 Qh4+ 4.Kf1 Nf6 5.Nf3 Qh6 6.Nc3 d6 7.d4 Be6 8.Qd3 
c6 9.Bxe6 fxe6 10.Ne2 d5 11.Qb3 Nbd7 12.Qxb7 Rb8 13.Qxc6 Rb6 14.Qc8+ Kf7 
15.e5 Be7 16.Qc7 Bd8 1-0

[Event "49th Bosna it"]
[Site "Sarajevo BIH"]
[Date "2019.04.27"]
[Round "1.16"]
[White "Zenelaj, Samuel"]
[Black "Borsuk, Konstantin"]
[Result "0-1"]
[WhiteElo "1916"]
[BlackElo "2368"]
[EventDate "2019.04.27"]
[PlyCount "72"]

1.e4 e6 2.d4 d5 3.exd5 exd5 4.Bd3 Bd6 5.Nf3 Bg4 6.O-O Ne7 7.Re1 Nc6 8.c3 
Qd7 9.a4 O-O 10.Nbd2 Ng6 11.Nf1 Nf4 12.Bxf4 Bxf4 13.Ne3 Be6 14.Qc2 g6 15.
g3 Bh6 16.Nh4 f6 17.f4 Bf7 18.Be2 Rae8 19.Bg4 Qd8 20.Bf3 b6 21.Nhg2 Ne7 
22.b4 Bg7 23.f5 g5 24.g4 Qd6 25.Rad1 c6 26.Kh1 Rc8 27.Qb3 Rfd8 28.Qa3 Bf8 
29.a5 Rc7 30.Re2 Rb8 31.Qa2 Qd8 32.Red2 Nc8 33.Re1 Nd6 34.Rde2 Rd7 35.Ra1 
Nb5 36.Qb3 bxa5 0-1

[Event "49th Bosna it"]
[Site "Sarajevo BIH"]
[Date "2019.04.27"]
[Round "1.17"]
[White "Klasan, Vladimir"]
[Black "Janjic, Nikola"]
[Result "1/2-1/2"]
[WhiteElo "2366"]
[BlackElo "1878"]
[EventDate "2019.04.27"]
[PlyCount "65"]

1.e4 e5 2.Nf3 Nf6 3.Nxe5 d6 4.Nf3 Nxe4 5.c4 Nc6 6.Nc3 Nxc3 7.dxc3 Bg4 8.h3
Bf5 9.g4 Bg6 10.Bg2 Be7 11.O-O O-O 12.Nd4 Nxd4 13.cxd4 c6 14.Be3 f5 15.f4 
Re8 16.Qd2 Qd7 17.Bf3 Bd8 18.g5 Qe6 19.Bf2 Qxc4 20.d5 c5 21.Rfc1 Qb5 22.a4
Ba5 23.Qc2 Qb4 24.Qc4 Qxc4 25.Rxc4 Bf7 26.Kf1 a6 27.Rc2 Re7 28.Be1 Rxe1+ 
29.Rxe1 Bxe1 30.Kxe1 b5 31.a5 Re8+ 32.Re2 Rxe2+ 33.Kxe2 1/2-1/2

[Event "49th Bosna it"]
[Site "Sarajevo BIH"]
[Date "2019.04.27"]
[Round "1.18"]
[White "Pistalovic, Slobodan"]
[Black "Tomic, Aleksandar"]
[Result "0-1"]
[WhiteElo "1865"]
[BlackElo "2357"]
[EventDate "2019.04.27"]
[PlyCount "90"]

1.e4 c5 2.Nc3 a6 3.f4 b5 4.Nf3 Bb7 5.d3 e6 6.Be2 b4 7.Nb1 d5 8.e5 d4 9.O-O
Nh6 10.Nbd2 Be7 11.Nc4 O-O 12.Nfd2 Nf5 13.Bf3 Bd5 14.a3 Nc6 15.g3 Ne3 16.
Nxe3 dxe3 17.Ne4 Nd4 18.Bxe3 Nxf3+ 19.Qxf3 Qc7 20.Qf2 bxa3 21.bxa3 c4 22.
Rfd1 Qc6 23.Nc3 Bf3 24.Rf1 cxd3 25.Qxf3 Qxc3 26.cxd3 Bxa3 27.Qe4 Rfd8 28.
Rfd1 Bb2 29.Rab1 a5 30.Rd2 Rab8 31.d4 h5 32.Rc2 Rxd4 33.Rxc3 Rxe4 34.Rc2 
Reb4 35.Kg2 a4 36.Bc5 Rb3 37.Bd6 R8b7 38.Rc8+ Kh7 39.Ra8 Bd4 40.Rd1 Rb2+ 
41.Kh3 Ba7 42.f5 exf5 43.Rf1 Ra2 44.Rxf5 Kg6 45.Rf4 Rbb2 0-1

[Event "49th Bosna it"]
[Site "Sarajevo BIH"]
[Date "2019.04.27"]
[Round "1.19"]
[White "Jakovljevic, Vlado"]
[Black "Culum, Sanjin"]
[Result "1-0"]
[WhiteElo "2356"]
[BlackElo "1864"]
[EventDate "2019.04.27"]
[PlyCount "69"]

1.Nf3 Nf6 2.c4 e6 3.Nc3 d5 4.d4 Be7 5.Bg5 O-O 6.e3 Nbd7 7.Rc1 c6 8.Bd3 
dxc4 9.Bxc4 b5 10.Bd3 a6 11.e4 h6 12.Bxf6 Nxf6 13.O-O Bb7 14.e5 Nd5 15.Ne4
c5 16.dxc5 Nb4 17.Nd6 Bxd6 18.exd6 Nxa2 19.Ra1 Nb4 20.Qe2 Qf6 21.Be4 Nd5 
22.Ne5 Qg5 23.f4 Nxf4 24.Rxf4 Qxf4 25.Bxb7 Rad8 26.Re1 Qd4+ 27.Qf2 Qxf2+ 
28.Kxf2 f6 29.Nc6 Rd7 30.Bxa6 Ra8 31.Bxb5 Rb7 32.Nd4 e5 33.c6 Rb6 34.d7 
Kf8 35.c7 1-0

[Event "49th Bosna it"]
[Site "Sarajevo BIH"]
[Date "2019.04.27"]
[Round "1.20"]
[White "Muhibic, Cazim"]
[Black "Sutkovic, Damir"]
[Result "0-1"]
[WhiteElo "1859"]
[BlackElo "2350"]
[EventDate "2019.04.27"]
[PlyCount "106"]

1.d4 Nf6 2.Nf3 c5 3.d5 b5 4.Bg5 Bb7 5.Bxf6 exf6 6.e4 a6 7.c4 bxc4 8.Bxc4 
d6 9.O-O Nd7 10.b3 g6 11.Nbd2 Bg7 12.Rb1 O-O 13.Qc2 Re8 14.Rfe1 Qa5 15.Bd3
Re7 16.Nc4 Qc7 17.Re2 Rae8 18.Rbe1 Bh6 19.h3 Bf4 20.g3 Bh6 21.Nh2 f5 22.
exf5 Rxe2 23.Rxe2 Rxe2 24.Bxe2 Bxd5 25.fxg6 hxg6 26.Ng4 Bg7 27.Qd1 Bd4 28.
Bf3 Qc6 29.Bxd5 Qxd5 30.Qe2 Kf8 31.Nce3 Qb7 32.Nc2 Bg7 33.Qd3 d5 34.Qf3 c4
35.Kg2 cxb3 36.axb3 Nc5 37.b4 Ne4 38.Qa3 Qb5 39.Qe3 Qc4 40.Qb6 Qc8 41.Nge3
Kg8 42.Nd4 Ng5 43.g4 Qe8 44.Nec2 Qe4+ 45.Kf1 Qd3+ 46.Kg2 Qxh3+ 47.Kg1 
Qxg4+ 48.Kf1 Qd1+ 49.Kg2 Qg4+ 50.Kf1 Bxd4 51.Nxd4 Kg7 52.Qc5 Ne6 53.Nxe6+ 
Qxe6 0-1

[Event "49th Bosna it"]
[Site "Sarajevo BIH"]
[Date "2019.04.27"]
[Round "1.21"]
[White "Bistric, Faruk"]
[Black "Colpa, Husein"]
[Result "1-0"]
[WhiteElo "2347"]
[BlackElo "1854"]
[EventDate "2019.04.27"]
[PlyCount "73"]

1.c4 e5 2.b3 Nc6 3.Bb2 Bc5 4.e3 Qe7 5.Nc3 Nf6 6.Nge2 d6 7.Ng3 O-O 8.Be2 
Be6 9.a3 a5 10.Bf3 Qd7 11.Qc2 Bb6 12.Nd5 Bxd5 13.cxd5 Ne7 14.Qd3 Ng4 15.
O-O Nh6 16.Qc4 f5 17.Bxe5 g5 18.Bb2 Ng6 19.Rac1 Rae8 20.Bh5 f4 21.Bxg6 
hxg6 22.Ne2 f3 23.Ng3 fxg2 24.Kxg2 Qf7 25.f4 g4 26.e4 Qe7 27.Rce1 Qh7 28.
Qe2 Re7 29.e5 dxe5 30.fxe5 Ref7 31.e6 Rxf1 32.Rxf1 Bc5 33.Ne4 Be7 34.Rxf8+
Kxf8 35.Be5 Bd6 36.Nxd6 cxd6 37.Bxd6+ 1-0

[Event "49th Bosna it"]
[Site "Sarajevo BIH"]
[Date "2019.04.27"]
[Round "1.22"]
[White "Colpa, Fahrudin"]
[Black "Buljubasic, Sabahudin"]
[Result "0-1"]
[WhiteElo "1848"]
[BlackElo "2347"]
[EventDate "2019.04.27"]
[PlyCount "92"]

1.e4 c5 2.Nc3 e6 3.Bc4 a6 4.a4 Nc6 5.Nf3 Nf6 6.d4 cxd4 7.Nxd4 Qc7 8.Be3 
Ne5 9.Be2 Bb4 10.O-O Bxc3 11.bxc3 Nxe4 12.Bd3 Nxc3 13.Qh5 Nd5 14.Bd2 Nxd3 
15.cxd3 O-O 16.Rac1 Qd6 17.Qh4 b6 18.Nf3 f6 19.Rc4 Bb7 20.Rd4 a5 21.Rg4 
Rf7 22.Qh5 Qa3 23.Rd4 e5 24.Rh4 Qxd3 25.Ne1 Qxd2 26.Qxh7+ Kf8 27.Qb1 Nb4 
28.Qb3 Qd5 29.Qh3 Ba6 30.Qe3 Bxf1 31.Kxf1 Qc6 32.h3 Rc8 33.Kg1 Kg8 34.Kh2 
d5 35.Qg3 e4 36.Qg6 f5 37.Qh7+ Kf8 38.g3 d4 39.Ng2 Nd3 40.Rh5 g6 41.Qh6+ 
Ke7 42.Rg5 Rg8 43.Nh4 Qc2 44.Rxg6 Qxf2+ 45.Ng2 Rxg6 46.Qxg6 Ne1 0-1

[Event "49th Bosna it"]
[Site "Sarajevo BIH"]
[Date "2019.04.27"]
[Round "1.23"]
[White "Bilic, Vladimir"]
[Black "Stanivukovic, Drago"]
[Result "1-0"]
[WhiteElo "2343"]
[BlackElo "1848"]
[EventDate "2019.04.27"]
[PlyCount "83"]

1.e4 d6 2.d4 Nf6 3.Bd3 g6 4.Nf3 Bg7 5.O-O O-O 6.c3 Bg4 7.Nbd2 e5 8.h3 Bxf3
9.Nxf3 exd4 10.cxd4 Nfd7 11.Bg5 Bf6 12.Bf4 Nc6 13.Bb5 a6 14.Bxc6 bxc6 15.
Rc1 c5 16.e5 dxe5 17.dxe5 Be7 18.Qe2 Nb6 19.Rfd1 Qc8 20.Be3 Qe6 21.b3 Nd7 
22.Qc4 Nxe5 23.Nxe5 Qxe5 24.Bf4 Qb2 25.Rc2 Qa3 26.Bxc7 Qb4 27.Rd7 Qxc4 28.
Rxc4 Rfe8 29.Kf1 Bf8 30.Bf4 Re6 31.Be3 Rae8 32.g3 Re5 33.Ra7 R8e6 34.Ra4 
Rf5 35.g4 Rff6 36.Bg5 Rf3 37.Kg2 Rc3 38.R4xa6 Re2 39.Ra8 Rcc2 40.Bh6 Rxf2+
41.Kg3 Rg2+ 42.Kh4 1-0

[Event "49th Bosna it"]
[Site "Sarajevo BIH"]
[Date "2019.04.27"]
[Round "1.24"]
[White "Savanovic, Maksim"]
[Black "Arapovic, Vitomir"]
[Result "0-1"]
[WhiteElo "1846"]
[BlackElo "2331"]
[EventDate "2019.04.27"]
[PlyCount "48"]

1.d4 g6 2.Nf3 Bg7 3.Bf4 d6 4.e3 Nf6 5.h3 O-O 6.Be2 Nbd7 7.O-O b6 8.Nbd2 
Bb7 9.c3 Re8 10.a4 a5 11.Bh2 e5 12.dxe5 dxe5 13.Bc4 Qe7 14.Qb3 Nc5 15.Qa2 
Nfd7 16.Rfd1 e4 17.Nd4 Be5 18.N2b3 Bxh2+ 19.Kxh2 Nd3 20.Kg1 N7e5 21.Nc1 
Nxc4 22.Nxd3 Nxe3 23.fxe3 exd3 24.Rxd3 Bxg2 0-1

[Event "49th Bosna it"]
[Site "Sarajevo BIH"]
[Date "2019.04.27"]
[Round "1.25"]
[White "Obad, Andrija"]
[Black "Lubura, Zoran"]
[Result "1-0"]
[WhiteElo "2319"]
[BlackElo "1798"]
[EventDate "2019.04.27"]
[PlyCount "71"]

1.e4 c5 2.Nf3 d6 3.d4 cxd4 4.Nxd4 Nf6 5.Nc3 g6 6.Be3 Bg7 7.f3 O-O 8.Qd2 
Nc6 9.g4 Bd7 10.h4 Ne5 11.h5 Rc8 12.O-O-O a6 13.Kb1 Qc7 14.Bh6 b5 15.Bxg7 
Kxg7 16.hxg6 fxg6 17.Qh6+ Kf7 18.g5 Ne8 19.Nd5 Qc5 20.b4 Qa7 21.f4 Nc6 22.
Nxc6 Bxc6 23.Qxh7+ Ng7 24.f5 Bxd5 25.Qxg6+ Kg8 26.Qh7+ Kf7 27.Qg6+ Kg8 28.
exd5 Qc7 29.Bd3 Qc3 30.Rh4 Rc4 31.Qh7+ Kf7 32.Bxc4 bxc4 33.Qg6+ Kg8 34.
Rdh1 Qxb4+ 35.Kc1 Qa3+ 36.Kd2 1-0

[Event "49th Bosna it"]
[Site "Sarajevo BIH"]
[Date "2019.04.27"]
[Round "1.26"]
[White "Camdzija, Samir"]
[Black "Trkulja, Goran"]
[Result "0-1"]
[WhiteElo "1788"]
[BlackElo "2309"]
[EventDate "2019.04.27"]
[PlyCount "74"]

1.e4 c5 2.Nf3 Nc6 3.Nc3 g6 4.d4 cxd4 5.Nxd4 Bg7 6.Nxc6 bxc6 7.Bc4 d6 8.O-O
Nf6 9.e5 dxe5 10.Qxd8+ Kxd8 11.Re1 Ke8 12.Rxe5 Nd5 13.Bxd5 cxd5 14.Rxd5 a6
15.Be3 Bf5 16.Rd2 Rc8 17.Rad1 Be5 18.f3 h5 19.Bd4 Bxd4+ 20.Rxd4 Bxc2 21.
R1d2 Bf5 22.Ra4 Rc6 23.Nd5 Bc8 24.Nb4 Re6 25.Nd5 Kf8 26.Nc7 Rc6 27.Nd5 Rd6
28.Rad4 e5 29.Re4 Be6 30.Rxe5 Kg7 31.Kf2 Rhd8 32.a3 Rxd5 33.Rexd5 Bxd5 34.
b4 Kf6 35.g4 hxg4 36.fxg4 Ke5 37.Ke3 Rh8 0-1

[Event "49th Bosna it"]
[Site "Sarajevo BIH"]
[Date "2019.04.27"]
[Round "1.27"]
[White "Hodzic, Nihad"]
[Black "Lapo, Safet"]
[Result "1-0"]
[WhiteElo "2296"]
[BlackElo "1770"]
[EventDate "2019.04.27"]
[PlyCount "61"]

1.d4 d5 2.c4 e6 3.Nc3 Nf6 4.Nf3 Be7 5.Bf4 O-O 6.e3 b6 7.Rc1 Bb4 8.Bd3 dxc4
9.Bxc4 Ne4 10.O-O Nxc3 11.bxc3 Ba3 12.Rb1 Bb7 13.Bd3 Bxf3 14.Qxf3 Nd7 15.
Qg3 c6 16.Bh6 g6 17.Bxf8 Bxf8 18.Rfd1 Nf6 19.e4 c5 20.dxc5 Bxc5 21.e5 Nh5 
22.Qf3 Rc8 23.Bxg6 Qxd1+ 24.Rxd1 hxg6 25.g4 Ng7 26.Rd7 Rf8 27.Rxa7 Ne8 28.
Qc6 Ng7 29.a4 Rd8 30.Ra8 Rxa8 31.Qxa8+ 1-0

[Event "49th Bosna it"]
[Site "Sarajevo BIH"]
[Date "2019.04.27"]
[Round "1.28"]
[White "Manic, Mujo"]
[Black "Pastar, Slaven"]
[Result "1/2-1/2"]
[WhiteElo "1754"]
[BlackElo "2295"]
[EventDate "2019.04.27"]
[PlyCount "84"]

1.d4 d5 2.c4 dxc4 3.e3 e5 4.Bxc4 exd4 5.exd4 Nf6 6.Nf3 Bd6 7.O-O O-O 8.Bg5
h6 9.Bh4 Bg4 10.Qd3 Nc6 11.Nbd2 Re8 12.Rfe1 Nb4 13.Qb3 Qd7 14.Bxf6 gxf6 
15.Ne4 Kg7 16.Nxd6 Qxd6 17.Bxf7 Rxe1+ 18.Rxe1 Bxf3 19.gxf3 Nc6 20.Be8 Qf8 
21.Bxc6 bxc6 22.Qe6 Qd6 23.Qxd6 cxd6 24.Re6 Rb8 25.b3 a5 26.Rxd6 a4 27.
bxa4 Ra8 28.Rxc6 Rxa4 29.d5 Rxa2 30.d6 Rd2 31.Kg2 Kg6 32.Kg3 Kf5 33.f4 
Rd3+ 34.f3 Rd2 35.h4 Kg6 36.Ra6 h5 37.Rc6 f5 38.d7+ Kf7 39.Rc7 Kg6 40.Ra7 
Kf6 41.Ra6+ Kg7 42.Ra5 Kg6 1/2-1/2

[Event "49th Bosna it"]
[Site "Sarajevo BIH"]
[Date "2019.04.27"]
[Round "1.29"]
[White "Galic, Zeljko"]
[Black "Strinic, Hamdija"]
[Result "1-0"]
[WhiteElo "2293"]
[BlackElo "1751"]
[EventDate "2019.04.27"]
[PlyCount "103"]

1.c4 Nf6 2.Nc3 e6 3.Nf3 d5 4.e3 Be7 5.b3 O-O 6.Bb2 c6 7.d4 Ne4 8.Nxe4 dxe4
9.Nd2 f5 10.f3 Bg5 11.Qe2 Qa5 12.g3 exf3 13.Qxf3 Na6 14.a3 Bd7 15.b4 Qd8 
16.Bd3 Qe7 17.Qe2 Rae8 18.Nf3 Bf6 19.O-O Nc7 20.e4 b5 21.Ne5 g6 22.Rac1 
Bxe5 23.dxe5 Rc8 24.Bd4 a6 25.Bc5 Qg5 26.Bxf8 Rxf8 27.exf5 exf5 28.cxb5 
axb5 29.Bb1 Ne6 30.Ba2 Kg7 31.Rcd1 Bc8 32.Rd6 Re8 33.Bxe6 Bxe6 34.Qd2 Qxd2
35.Rxd2 Bd5 36.Re1 Kf7 37.e6+ Rxe6 38.Rxe6 Kxe6 39.Kf2 Ke5 40.Re2+ Be4 41.
Rd2 Bd5 42.h4 h6 43.Ke3 g5 44.Rd4 g4 45.Rd2 f4+ 46.gxf4+ Kf5 47.a4 bxa4 
48.b5 Ke6 49.f5+ Kd6 50.f6 Kc7 51.Rxd5 cxd5 52.f7 1-0

[Event "49th Bosna it"]
[Site "Sarajevo BIH"]
[Date "2019.04.27"]
[Round "1.30"]
[White "Lakota, Izet"]
[Black "Maksimovic, Bojan"]
[Result "1/2-1/2"]
[WhiteElo "1750"]
[BlackElo "2288"]
[EventDate "2019.04.27"]
[PlyCount "104"]

1.e4 g6 2.Nf3 Bg7 3.d4 d6 4.h3 Nf6 5.Nc3 O-O 6.Bd3 Nc6 7.a3 e5 8.dxe5 dxe5
9.O-O h6 10.Be3 Be6 11.Bb5 Nd7 12.Bxc6 bxc6 13.b4 Qe7 14.Rb1 a5 15.Qc1 
axb4 16.axb4 Kh7 17.Rd1 Rfb8 18.b5 cxb5 19.Nxb5 Nc5 20.Nc3 Rxb1 21.Qxb1 
Na4 22.Nxa4 Rxa4 23.Nd2 h5 24.Qb5 Ra2 25.c4 f6 26.Qb3 Ra8 27.Nb1 Qf7 28.
Rc1 f5 29.exf5 gxf5 30.f3 f4 31.Bd2 Qg6 32.Kh1 Rg8 33.Qd1 e4 34.fxe4 Bb2 
35.Qf3 Bxc1 36.Bxc1 Bxc4 37.Bxf4 Qf7 38.Nd2 Be6 39.Qe3 c5 40.Nf3 c4 41.
Ng5+ Rxg5 42.Bxg5 Qg7 43.h4 Qa1+ 44.Kh2 Qe5+ 45.Qf4 Qxf4+ 46.Bxf4 c3 47.
Kg3 Kg6 48.Be5 c2 49.Bb2 Bg4 50.Kf4 Kf7 51.Ke3 Ke6 52.Kd2 Bd1 1/2-1/2